Statistiken für Kyūshū Japan - Karten Quiz

Klicken Sie hier um das Quiz zu spielen!

Allgemein

  • Dieses Quiz wurde 39 mal gespielt
  • Das Durchschnittsergebnis liegt bei 4 aus 7

Antworten auf der Karte

Die Antworten werden auf der Karte rot bzw. grün angezeigt, abhängig davon wie oft sie richtig erraten wurden.
 

Antwortstatistiken

Antwort% Korrekt
Fukuoka
76%
Oita
64%
Kagoshima
60%
Nagasaki
60%
Saga
52%
Miyazaki
48%
Kumamoto
40%

Verteilung der Resultate

Perzentil nach korrekt beantworteten Fragen

Anzahl Personen mit jedem Resultat

Ihre Resultats-Entwicklung

Sie haben dieses Quiz noch nicht gespielt